Estadísticas para Finales de la Copa de la UEFA - Europa League

Haz click aquí para intentar la prueba.

Estadísticas generales

  • Esta prueba ha sido intentada 572 veces
    (154 desde el último reinicio)
  • La puntuación promedio es 60 de 122

Estadísticas de respuestas

Campeón% Correcto
Estadio Olímpico de La Cartuja, Sevilla
96%
Manchester City Stadium, Manchester
96%
Ramón Sánchez-Pizjuán, Sevilla
96%
Sevilla
96%
Roma
94%
Stadio Olimpico, Roma
94%
Atlético de Madrid
93%
Chelsea
91%
Inter
90%
Sarrià, Barcelona
89%
Manchester United
88%
Anfield Road, Liverpool
87%
Liverpool
87%
Real Madrid
87%
Valencia
87%
Giuseppe Meazza, Milán
83%
Ajax
82%
Juventus
82%
Benfica
81%
Marsella
81%
Arsenal
80%
Villarreal
80%
Bayern Munich
78%
Santiago Bernabéu, Madrid
78%
Athletic de Bilbao
75%
Glasgow Rangers
74%
Oporto
74%
PSV
71%
Stade de Lyon, Lyon
68%
Tottenham
68%
Celtic
66%
Eintracht de Frankfurt
64%
White Hart Lane, Londres
62%
Espanyol
61%
Feyenoord
61%
Nápoles
61%
Olympiastadion, Múnich
61%
San Paolo, Nápoles
61%
Fiorentina
60%
Parc des Princes, París
60%
Estadio da Luz, Lisboa
59%
Estadio Olímpico Luzhnikí, Moscú
59%
Estádio José Alvalade, Lisboa
58%
Delle Alpi, Turín
56%
Juventus Stadium, Turín
56%
Stadio Comunale, Turín
56%
Zenit
56%
Lazio
55%
Waldstadion, Frankfurt
55%
Westfalenstadion, Dortmund
55%
Bayer Leverkusen
54%
San Mamés, Bilbao
54%
Amsterdam Arena, Ámsterdam
53%
Olympisch Stadion, Ámsterdam
53%
Olympiastadion, Berlín
49%
Alavés
48%
Estrella Roja
48%
Galatasaray
48%
Sporting de Lisboa
48%
Borussia Dortmund
47%
Fulham
45%
Hamburgo
45%
HSH Nordbank Arena, Hamburgo
45%
Puskás Arena, Budapest
45%
Schalke 04
45%
Volksparkstadion, Hamburgo
45%
Brujas
44%
Jan Breydel, Brujas
44%
CSKA Moscú
43%
Dnipro
43%
Ulrich-Haberland-Stadion, Leverkusen
43%
Arena Nacional, Bucarest
42%
Constant Vanden Stock, Bruselas
42%
Heysel, Bruselas
42%
Anderlecht
41%
Narodowy, Varsovia
41%
Borussia Monchengladbach
40%
Hampden Park, Glasgow
40%
Braga
39%
Ennio Tardini, Parma
39%
Parma
39%
Shakhtar Donetsk
38%
Şükrü Saraçoğlu, Estambul
38%
Rajko Mitić, Belgrado
36%
Ernst Happel, Viena
34%
RheinEnergieStadion, Colonia
33%
Torino
33%
Colonia
32%
Friends Arena, Estocolmo
32%
Bökelbergstadion, Monchengladbach
31%
Parken, Copenhague
31%
Philips Stadion, Eindhoven
29%
Ullevi, Göteborg
29%
Aviva Stadium, Dublín
28%
Werder Bremen
28%
De Kuip, Rotterdam
27%
Girondins de Burdeos
26%
Neckarstadion, Stuttgart
26%
Stuttgart
26%
AZ Alkmaar
24%
Ipswich Town
24%
Parc Lescure, Burdeos
24%
Portman Road, Ipswich
24%
Göteborg
23%
Middlesbrough
21%
St. Jakob Park, Basilea
21%
Estadio Olímpico, Bakú
20%
Parkstadion, Gelsenkirchen
20%
Wolverhampton
17%
Salzburgo
16%
Arena Gdansk, Gdansk
15%
Molineux, Wolverhampton
13%
Twente
10%
Rheinstadion, Düsseldorf
6%
Dundee United
5%
Tannadice Park, Dundee
5%
Videoton
5%
Bastia
4%
Furiani, Bastia
4%
Diekman Stadion, Enschede
3%
Partenio, Avellino
2%
Sóstói Stadion, Székesfehérvár
2%

Distribución de puntuación

Porcentaje por número respondido

Porcentaje de gente con cada puntuación

Historial de tus puntuaciones

No has intentado esta prueba desde el último reinicio